Administración estratégica de marca: Branding
Guardat en:
| Autor principal: | |
|---|---|
| Format: | Llibre |
| Idioma: | espanyol |
| Publicat: |
Cuernavaca
Pearson Educación
2008
|
| Edició: | 3a. ed |
| Matèries: | |
| Etiquetes: |
Afegir etiqueta
Sense etiquetes, Sigues el primer a etiquetar aquest registre!
|
MARC
| LEADER | 00000cam a2200000 a 4500 | ||
|---|---|---|---|
| 001 | UCD8856 | ||
| 003 | CL-VaPUC | ||
| 008 | 170527e20080000mx |||||||||||||||||spa|d | ||
| 020 | |a 9789702612841 | ||
| 082 | 0 | 4 | |a 658.802 |b KEL |2 21 |
| 100 | |a Keller, Kevin Lane |e author |9 592406 | ||
| 245 | 1 | 0 | |a Administración estratégica de marca: Branding |
| 250 | |a 3a. ed | ||
| 300 | |a 692 p | ||
| 942 | |c BK | ||
| 945 | |d 20170527 00:32:00 |a dcastane | ||
| 260 | |a Cuernavaca |b Pearson Educación |c 2008 | ||
| 650 | 0 | |a Marketing |9 259324 | |
| 650 | 0 | |a Planificación estratégica |9 259735 | |
| 650 | 0 | |a Investigación de mercado |9 332310 | |
| 650 | 0 | |a Atención al cliente |9 527293 | |
| 583 | |a last modification |c 20170527 00:32:00 |k Rodrigo Vera | ||
| 999 | |c 368164 |d 368162 | ||